000 00292nam a2200121Ia 4500
008 191201s2004 xx 000 0 und d
100 _aBHARTIY, Kamlesh
245 0 _aSo Window Ki Gudiya
260 _aN. Delhi
_bAbhishek Pub
_c2004
300 _a120
650 _aGeneral Books
942 _2ddc
_cBK
999 _c717
_d717